00932 2200301 4500001002100000005001500021035002000036007000300056008004100059020002200100040001700122082001600139084001800155090002200173090002100195100002500216245014300241260003000384300004700414650004800461700001700509700000900526850001200535041000800547504003300555999002100588990002100609INLIS00000000084442520190715115457 a0010-0219000019ta190213s2018 yoia g | ind d a978-979-29-6837-8 aYOPDYOGbind04223a690.076 a690.076 RID p aDEP 690.076 RID p aCB-D.11 2018-7980 aRidlho Erfan Nugroho0 aPerawatan gedung :bprogram keahlian teknik konstruksi dan properti SMK/MAK kelas XII /cRidlho Erfan Nugroho, Suryaningrum ; editor, Pram3 aYogyakarta :bAndi,c2018 aix, 180 halaman :bilustrasi foto ;c25 cm 4aBangunan, perawatan--xStudi dan pengajaran0 aSuryaningrum0 aPram aYOPDYOG0 aind aBibliografi : halaman [181] aCB-D.11/2018-798 aCB-D.11/2018-798